000 00367nam a2200133Ia 4500
008 250826s9999 xx 000 0 und d
082 _a621.31 AKH
100 _aAkhtar, Fahim
245 0 _aElectrical Essential Network:
_bELT-114
260 _bTehami Art Press,
_c2013
300 _axxi, 210p.
_bincludes illustration
600 _aElectrical Technology
942 _cGB
999 _c31528
_d31528